📖✒ "Chanson des escargots qui vont à l'enterrement" Prévert - Statistiques

Statistiques générales
  • Ce quiz a Ă©tĂ© pris 30 fois
  • Le rĂ©sultat moyen est 147 sur 237
Statistiques - réponses
Mots % Correct
A
100%
Ă 
100%
d'
100%
de
100%
en
100%
escargots
100%
s'
100%
S'
100%
l'
93%
L'
93%
le
93%
Le
93%
Un
93%
un
93%
vont
93%
C'
86%
enterrement
86%
Il
86%
la
86%
La
86%
lĂ -
86%
Ils
79%
ils
79%
Les
79%
les
79%
qui
79%
Se
79%
une
79%
des
71%
Deux
71%
deux
71%
est
71%
Et
71%
et
71%
été
71%
sur
71%
ça
64%
Ça
64%
ce
64%
pour
64%
quand
64%
Si
64%
si
64%
très
64%
beau
57%
chanson
57%
dans
57%
Du
57%
du
57%
feuille
57%
joli
57%
leur
57%
Mais
57%
morte
57%
ne
57%
soir
57%
tout
57%
Tout
57%
toutes
57%
vous
57%
Vous
57%
automne
50%
chanter
50%
eux
50%
eux.
50%
moi
50%
monde
50%
pas
50%
p'tit
50%
soleil
50%
Sont
50%
tĂŞte
50%
vie
50%
boire
43%
Comme
43%
coquille
43%
déjà
43%
dit
43%
étaient
43%
heureux
43%
mettent
43%
noire
43%
ont
43%
puis
43%
triste
43%
tue-
43%
arrivent
36%
cornes
36%
crĂŞpe
36%
dis
36%
haut
36%
oeil
36%
peine
36%
peu
36%
Prenez
36%
prenez
36%
printemps
36%
verre
36%
voilĂ 
36%
vos
36%
Alors
29%
autocar
29%
autour
29%
beaucoup
29%
chez
29%
ciel
29%
coeur
29%
désappointés
29%
deuil
29%
feuilles
29%
lune
29%
mortes
29%
noircit
29%
Paris
29%
plaît
29%
ressuscitées
29%
retournent
29%
veille
29%
arbres
21%
asseoir
21%
bĂŞtes
21%
bière
21%
blanc
21%
bu
21%
cerceuils
21%
couleurs
21%
enlaidit
21%
Hélas
21%
histoires
21%
partira
21%
pays
21%
plantes
21%
Reprenez
21%
titubent
21%
verrez
21%
vivante
21%
vraie
21%
trinquer
14%
émus
7%
Aucun quiz correspondant
Distribution des résultats
% des personnes avec chaque résultat
Percentile par nombre de réponses
Votre historique - résultats
Vous n’avez pas pris ce quiz